Man Over Machine: (Record no. 171608)

MARC details
000 -LEADER
fixed length control field 00565nam a2200181 4500
005 - DATE AND TIME OF LATEST TRANSACTION
control field 20200116121147.0
010 ## - LCCN (DPL NO)
LC control number ENG-127388
020 ## - INTERNATIONAL STANDARD BOOK NUMBER
International Standard Book Number 9789386473752
Terms of availability 495.00
035 ## - SYSTEM CONTROL NUMBER
System control number EN-110920
037 ## - SOURCE OF ACQUISITION
Source of stock number/acquisition DBAD/PUB
082 ## - DEWEY DECIMAL CLASSIFICATION NUMBER
Classification number 301.153
100 ## - MAIN ENTRY--PERSONAL NAME
Personal name Dogra,Bharat
245 ## - TITLE STATEMENT
Title Man Over Machine:
Statement of responsibility, etc by Bharat Dogra.
Remainder of title a path towards peace/
260 ## - PUBLICATION, DISTRIBUTION, ETC. (IMPRINT)
Place of publication, distribution, etc New Delhi
Name of publisher, distributor, etc Vitasta Publishing
Date of publication, distribution, etc 2020
270 ## - ADDRESS
Address 2/15,Ansari Road Daryaganj
City New Delhi
Postal code 40001
Electronic mail address info@vitastapublishing.com
300 ## - PHYSICAL DESCRIPTION
Extent xiii;316p.
Dimensions 22cm(pbk)
942 ## - ADDED ENTRY ELEMENTS (KOHA)
Source of classification or shelving scheme Dewey Decimal Classification
Item type English Books
Classification part 954
Call number suffix GOS
Holdings
Withdrawn status Lost status Not for loan Collection code Home library Current library Date acquired Source of acquisition Cost, normal purchase price Full call number Barcode Copy number Cost, replacement price Koha item type
      Non-fiction Patel Nagar Patel Nagar 16/01/2020 DBAD/PUB 495.00 954 GOS EN-110920 1 495.00 English Books

© Delhi Public Library
Hit Counter
free hit counter